| 000 | 00785cam a22002771 4500 | ||
|---|---|---|---|
| 001 | 20471 | ||
| 003 | BD-RjUL | ||
| 005 | 20211209000553.0 | ||
| 008 | 140203s1954 nyu 000 1 eng d | ||
| 035 | _a(BD-RjUL) 20533 | ||
| 035 | _a(OCoLC)3306235 | ||
| 040 |
_aDLC _cOKentU _dDLC _beng |
||
| 041 | _aeng | ||
| 082 | 0 | 0 |
_a823 _bSHR 1954 |
| 100 | 1 |
_aShaw, Harry, _d1905- _963127 |
|
| 245 | 1 | 0 |
_aReading the short story / _cby Harry Shaw and the late Douglas Bement. |
| 250 | _a2d ed. [by] Harry Shaw. | ||
| 260 |
_aNew York : _bHarper, _cc1954 |
||
| 300 |
_a 396 p. ; _c21 cm. |
||
| 650 | 0 |
_aShort stories. _963128 |
|
| 650 | 0 |
_aShort story. _963129 |
|
| 700 | 1 |
_aBement, Douglas, _d1898- _ejoint ed. _963130 |
|
| 942 |
_2ddc _cBK |
||
| 999 |
_c20471 _d20471 |
||